Statistics for Word Acronyms Quiz

Click here to take the quiz!

General Stats

  • This quiz has been taken 39 times
  • The average score is 9 of 15

Answer Stats

HintAnswer% Correct
USAUnited States of America
90%
WWWWorld Wide Web
90%
IDKI don't know
87%
LOLLaugh out Loud
87%
ASAPAs soon as possible
77%
OMGOh my god
77%
EUEuropean Union
65%
FBIFederal Bureau of Investigation
61%
PCPersonal Computer
55%
NATONorth Atlantic Treaty Organization
48%
RAFRoyal Air Force
48%
BBCBritish Broadcasting Corporation
45%
AFKAway From Keyboard
35%
NASANational Aeronautics and Space Administration
29%
AAAutomobile Association
10%

Score Distribution

Percentile by Number Answered

Percent of People with Each Score

Your Score History

You have not taken this quiz